000 00514nam a2200181Ia 4500
003 GCL
008 140319s9999 xx 000 0 eng d
040 _aGCL /
_cGCL
082 0 4 _a940.3
_bM O
100 1 _aMURRAY, JOHN
245 1 0 _aON SECRET SERVICE EAST OF CONSTANTIONOPLE: THE PLOT TO BRINNG DOWN THE BRITISH EMPIRE /
_cMURRAY, JOHN
260 _a[S.N] :
_bJOHN RURRAY ،
_c1994
300 _a431 P
650 0 4 _aBRITISH EMPIRE
650 0 4 _aWORLD WAR I
650 0 4 _aHISTORY OF EUROPE
942 _2ddc
_cBK
999 _c11375
_d11375